Which is Further North? - Statistics

General Stats
  • This quiz has been taken 4 times
  • The average score is 8 of 10
Answer Stats
Question Answer % Correct
Which is further north? Clearwater
100%
Which is further north? Gainesville
100%
Which is further north? Lakeland
100%
Which is further north? Pensacola
100%
Which is further north? West Palm Beach
100%
Which is further north? Orlando
75%
Which is further north? Pompano Beach
75%
Which is further north? Tallahassee
75%
Which is further north? Boca Raton
50%
Which is further north? Largo
0%
No matching quizzes found
Score Distribution
Percent of People with Each Score
Percentile by Number Answered
Your Score History
You have not taken this quiz